| 000 | 00583nam a2200205 a 4500 | ||
|---|---|---|---|
| 008 | |||
| 020 | _a8170003849 (hbk.) | ||
| 049 | _aMAIN | ||
| 090 |
_aZ699.35 _bASW |
||
| 100 | 1 | _aAswal, R.S. | |
| 245 | 1 | 0 |
_aMARC21 : _bCataloging format for 21st century / _cR.S. Aswal. |
| 260 |
_aNew Delhi : _bEss Ess Publications, _c2004. |
||
| 300 |
_a514 p. ; _c22 cm. |
||
| 650 | _aMachine Readable Cataloguing | ||
| 907 |
_a.b10200708 _b10-11-06 _c05-05-06 |
||
| 003 | |||
| 005 | 20230123134253.0 | ||
| 040 | _cNUST | ||
| 942 |
_cBOOKS _kZ699.35 _mASW |
||
| 999 |
_c163005 _d163005 |
||